000 00272nam a2200109Ia 4500
005 20251222114401.0
008 251222s1900||||xx |||||||||||||| ||spa||
082 _aDVD0150/S18/1976
245 0 _aLa virgen de Guadalupe.
264 _bCalderón Stell, Guillermo.
942 _cDVD
999 _c1623
_d1623